LEADER 01473nam a2200229 i 4500 001 000000207814 003 CaOOAMICUS 005 20111107000000.0 008 111107s1836 it u000 u ita u 013 $a186597 040 $aSeMil$bita 240 00$aTeorica dei verbi italiani, regolari, anomali, difettivi e mal noti : compilata sulle opere del Cinonio, del Pistolesi, del Mastrofini, e d'altri piu illustri grammatici.$0(OLS)http://semarc/title/300504 245 10$aTeorica dei verbi italiani, regolari, anomali, difettivi e mal noti :$bcompilata sulle opere del Cinonio, del Pistolesi, del Mastrofini, e d'altri pił illustri grammatici per uso de' giovinetti e di chiunque altro studioso di correttamente parlante e scrivere. 250 $a5. ed. 260 $aMilano :$bF. Stella e figli,$c1836. 300 $aXI, 312 p. ;$c21 cm. 500 $aManca la cop. 650 4$aLingua italiana - Grammatica - Opere anteriori al 1900.$0(OLS)http://semarc/subject/39005 850 $aSeMil 852 $aSeMil$W1$xVenegono$y1$m1R I 16 FA$j158273$B158273$CSeMilBibl$Z2$F169489 $8I 996 $6245$aTeorica dei verbi italiani, regolari, anomali, difettivi e mal noti :$bcompilata sulle opere del Cinonio, del Pistolesi, del Mastrofini, e d'altri pił illustri grammatici per uso de' giovinetti e di chiunque altro studioso di correttamente parlante e scrivere$9(OLS)http://semarc/title/300505 996 $6260$aMilano :$bF. Stella e figli$9(OLS)http://semarc/publisher/52219